00374nam a2200133Ia 4500008004100000020001500041041001200056082001100068100002600079245006800105260003700173300000900210650002100219221030s9999 xx 000 0 und d a8177227369 aEnglish a105.23 aKogent Solutions Inc. 0aJAVA 6 Programming Black Book With CDcby Kogent Solutions Inc. bDreamtech PressaNew Delhic2009 a1583 aCSE Career Award